Cartas sobre Cezanne
Αποθηκεύτηκε σε:
| Κύριος συγγραφέας: | |
|---|---|
| Μορφή: | Βιβλίο |
| Γλώσσα: | Ισπανικά |
| Έκδοση: |
Barcelona
Paidos
1985
|
| Σειρά: | Paidos Estética, 3
|
| Θέματα: | |
| Ετικέτες: |
Προσθήκη ετικέτας
Δεν υπάρχουν, Καταχωρήστε ετικέτα πρώτοι!
|
MARC
| LEADER | 00000nam a2200000 a 4500 | ||
|---|---|---|---|
| 001 | UCV9803 | ||
| 003 | CL-VaPUC | ||
| 008 | 930517e19850000SP |||||||||||||||||spa|d | ||
| 020 | |a 8475093582 | ||
| 082 | 0 | 4 | |a 891.8606 |b RIL |2 21 |
| 100 | |a Rilke, Rainer Maria |e author |9 265571 | ||
| 245 | 1 | 0 | |a Cartas sobre Cezanne |
| 300 | |a 94 p | ||
| 942 | |c BK | ||
| 945 | |d 19930517 00:00:00 |a oaravena | ||
| 260 | |a Barcelona |b Paidos |c 1985 | ||
| 600 | 0 | 7 | |a CEZANNE, PAUL |2 CL-VaPUC |9 267026 |
| 600 | 0 | |a Rilke, Rainer Maria |9 265571 | |
| 650 | 0 | |a Correspondencia |9 258963 | |
| 583 | |a last modification |c 19930517 00:00:00 |k Rodrigo Vera | ||
| 490 | 0 | |a Paidos Estética, 3 | |
| 999 | |c 215093 |d 215091 | ||
| 952 | |0 0 |1 0 |4 0 |6 891_860600000000000_RIL_1985 |7 0 |8 A |9 199062 |a BIBARQ |b BIBARQ |d 2019-11-14 |i 2663872 |l 1 |o 891.8606 RIL 1985 |p 2663872 |r 2025-01-20 |s 2022-03-24 |w 2019-11-14 |y BK |k ARQ | ||
| 952 | |0 0 |1 0 |4 0 |6 891_860600000000000_RIL_1985 |7 0 |8 A |9 199063 |a BIBHIS |b BIBHIS |d 2019-11-14 |i 3018083 |o 891.8606 RIL 1985 |p 3018083 |r 2025-01-20 |w 2019-11-14 |y BK |k HIS | ||
| 952 | |0 0 |1 0 |4 0 |6 891_860600000000000_RIL_1985 |7 0 |8 A |9 199064 |a BIBART |b BIBART |d 2019-11-14 |i 4055489 |o 891.8606 RIL 1985 |p 4055489 |r 2025-03-13 |w 2019-11-14 |y BK |k ART | ||